Kadra reprezentacji Niemiec - MŚ 2002 - Statystyki

Ogólne statystyki
  • Ten quiz został rozwiązany 20 razy
  • Średni wynik to 9 z 24
Statystyki odpowiedzi
Nr Zawodnik Poz % Poprawnych
11 Miroslav Klose NA
100%
13 Michael Ballack PO
89%
1 Oliver Kahn BR
89%
12 Jens Lehmann BR
79%
22 Torsten Frings PO
63%
7 Oliver Neuville NA
58%
21 Christoph Metzelder OB
53%
19 Bernd Schneider PO
37%
9 Carsten Jancker NA
37%
23 Hans-Jörg Butt BR
37%
20 Oliver Bierhoff NA
37%
# Rudi Völler Trener
37%
2 Thomas Linke OB
32%
6 Christian Ziege OB
26%
8 Dietmar Hamann PO
26%
15 Sebastian Kehl PO
26%
14 Gerald Asamoah NA
21%
10 Lars Ricken PO
21%
5 Carsten Ramelow PO
16%
16 Jens Jeremies PO
16%
17 Marco Bode NA
16%
4 Frank Baumann OB
5%
18 Jörg Böhme PO
5%
3 Marko Rehmer OB
5%
Nie znaleziono quizów pasujących do podanych kryteriów
Rozkład punktacji
Procent ludzi z każdym wynikiem
Percentyl według liczby udzielonych odpowiedzi
Twoja historia wyników
Nie rozwiązałeś tego quizu